Browse and forage for small ruminants production in Republic of Bénin (Record no. 30061)
[ view plain ]
| 000 -LEADER | |
|---|---|
| fixed length control field | 00726 a2200229 4500 |
| 041 ## - CODE DE LANGUE | |
| Language code of summary or abstract/overprinted title or subtitle | Fr |
| 041 ## - CODE DE LANGUE | |
| Language code of summary or abstract/overprinted title or subtitle | En |
| 100 ## - VEDETTE PRINCIPALE - NOM DE PERSONNE | |
| Personal name | Amoussou, Assogba Richard |
| 130 ## - VEDETTE PRINCIPALE - TITRE UNIFORME | |
| Language of a work | Fr |
| 240 ## - UNIFORM TITLE | |
| Uniform title | <a href="Etude de la productivité de quelques plantes fourragères et du maïs cultivé en allées">Etude de la productivité de quelques plantes fourragères et du maïs cultivé en allées</a> |
| 245 ## - TITLE STATEMENT | |
| Title | Browse and forage for small ruminants production in Republic of Bénin |
| 300 ## - PHYSICAL DESCRIPTION | |
| Extent | XVIII-98 p. |
| 502 ## - DISSERTATION NOTE | |
| Dissertation note | Thèse d'exercice |
| 653 1# - INDEX TERM--UNCONTROLLED | |
| Uncontrolled term | Sciences agronomiques |
| 650 ## - SUBJECT ADDED ENTRY--TOPICAL TERM | |
| Topical term or geographic name as entry element | ALIMENTATION DES ANIMAUX |
| 650 ## - SUBJECT ADDED ENTRY--TOPICAL TERM | |
| Topical term or geographic name as entry element | PLANTE FOURRAGERE |
| 650 ## - SUBJECT ADDED ENTRY--TOPICAL TERM | |
| Topical term or geographic name as entry element | ZEA MAYS |
| 653 #1 - INDEX TERM--UNCONTROLLED | |
| Uncontrolled term | Production animale |
| 651 ## - SUBJECT ADDED ENTRY--GEOGRAPHIC NAME | |
| Geographic name | BENIN |
| 710 ## - ADDED ENTRY--CORPORATE NAME | |
| Corporate name or jurisdiction name as entry element | Abomey-Calavi, Université nationale du Bénin, Faculté des Sciences Agronomiques, BJ |
| Withdrawn status | Lost status | Damaged status | Not for loan | Location (home branch) | Sublocation or collection (holding branch) | Date acquired | Koha issues (times borrowed) | Koha full call number | Koha date last seen | Copy number | Price effective from | Koha item type | Public note |
|---|---|---|---|---|---|---|---|---|---|---|---|---|---|
| Bibliothèque-Centre de Documentation de la Faculté des Sciences Agronomiques | Bibliothèque-Centre de Documentation de la Faculté des Sciences Agronomiques | BU T.PA 002 1985 | 28/02/2009 | 1 | 28/02/2009 | Livre | A.4838 |